A PRACTICAL ENGLISH GRAMMAR 2

שמור ב:
מידע ביבליוגרפי
מחבר ראשי: Thomson A.J. And Martinet A.V (autor)
פורמט: ספר
תגים: הוספת תג
אין תגיות, היה/י הראשונ/ה לתייג את הרשומה!

MARC

LEADER 00000nam^a2200000^a^4500
001 000213453
005 20250521000000.0
009 20260310103525.992
035 |a 031906 
037 |a Acervo Xavier Clavigero 
082 |a 453. THO 
100 |a Thomson A.J. And Martinet A.V.  |e (autor) 
245 1 2 |a A PRACTICAL ENGLISH GRAMMAR 2 
264 |b Oxford University,  |a OXFORD :  |c 1980 
300 |a 205p. 
336 |a texto  |b txt  |2 rdacontenido 
337 |a sin mediación  |b n  |2 rdamedio 
338 |a volumen  |b nc  |2 rdasoporte 
649 |a XX 
910 |a Fondo General 
920 |a Impresos - Libros 
930 |a Colección General 
905 |a 101 
901 |a 031906  |b IT1  |c ACC  |i 031906  |u 20250521 
901 |a 031927  |b IT1  |c ACC  |i 031927  |u 20250521 
902 |a https://opac.biblio.iteso.mx/vufind/Record/000213453